000 01127nam a22003257a 4500
003 CHAP
005 20220329140352.0
008 971013s1982 r 00010 d
010 _a51001
011 _a51973
035 _a56123
040 _cCHAP
082 _a636.08
_bP65
100 0 0 _aPolanco Jaime, Alejandro.
_990194
245 _aGuía de publicaciones periódicas en el área de la producción animal
260 _aChapingo, Méx. :
_bUACH. Departamento de Zootecnia,
_c1982
300 _a95 p.
590 _aBATCH-UPD
_b10
_c20130110
_lUCH01
_h0417
590 _aBATCH-UPD
_b10
_c20130110
_lUCH01
_h2226
590 _aBATCH-UPD
_b10
_c20130410
_lUCH01
_h0052
590 _aBATCH-UPD
_b10
_c20130914
_lUCH01
_h1459
590 _aCONVERSION
_b10
_c20130109
_lUCH01
_h1328
650 1 4 _aGanadería
_xPublicaciones periódicas.
_944837
700 0 _aMatusita Ríos, Augusto.
_973116
710 0 _aUACH. Departamento de Zootecnia.
_9115904
901 _aBK
942 _cLIBRO
949 _a636.08 P65
_bBC
_cC
_d33724000616512
_eC
_h73644
_i56123
_mD
_si
949 _a636.08 P65
_bBC
_cC
_d33724000648358
_eC
_fc.2
_h73645
_i56123
_mD
_si
999 _c51001
_d51001